Statistics for Guess the Pokémon by its Dex Entry

Click here to take the quiz!

General Stats

  • This quiz has been taken 237 times
  • The average score is 8 of 30

Answer Stats

Dex EntryGamePokémon% Correct
This glutton appears in villages without warning and devours the entirety of their rice granaries—such occurrences have long been counted among the gravest of disasters.Legends: ArceusSnorlax
60%
It traps enemies with its suction-cupped tentacles, then smashes them with its rock-hard head.LeafGreenOctillery
58%
According to the legends of Sinnoh, this Pokémon emerged from an egg and shaped all there is in this world.HeartGold & SoulSilverArceus
50%
Its body is as hot as lava and is always billowing. Flames will occasionally burst from its shell.CrystalMagcargo
50%
If it is around babies, the milk it produces contains much more nutrition than usual.SoulSilverMiltank
50%
It latches on to prey with its sucker mouth, sinking in its fangs and shocking the prey with powerful electricity.Black 2 & White 2Eelektross
44%
The biggest of all Pokémon. It can dive to a depth of almost 10,000 feet on only one breath.Diamond & PearlWailord
44%
It puts its prey to sleep and devours their dreams. It seems that bad dreams taste sour, so *it* doesn't particularly like eating themUltra MoonDrowzee
43%
*It* is said to be the most beautiful of all the Pokémon. It has the power to becalm such emotions as anger and hostility to quell bitter feuding.RubyMilotic
42%
This Pokémon lives lying on its side. It only rolls over and moves when there is no more grass to eat.Black 2 & White 2Slaking
39%
It's thought that a special magnetic field changed the molecular structure of this Pokémon's body, and that's what caused the Pokémon's evolution.ShieldMagnezone
37%
People fear it due to a belief that it devours any who try to cut down trees in its forest, but to the Pokémon it shares its woods with, it's kind.SwordTrevenant
34%
Usually docile, *it* strikes back ferociously if its black tail is attacked. It makes its lair in caves where it waits for nightfall.EmeraldWobbuffet
31%
The two heads have different likes and dislikes. Because the heads fight with each other, *it* gets stronger without needing to rely on others.VioletZweilous
30%
It is a ferocious, carnivorous Pokémon. Once it captures its prey, it will breathe cold air onto the prey to freeze and preserve it.ScarletBeartic
25%
It rarely fights fairly, but that is strictly to ensure survival. It is popular as a mascot.PlatinumCroagunk
20%
It attacks by smacking its enemies with the exploding water balloons that it creates.Ultra MoonBrionne
19%
*This Pokémon* uses the horns on its head to amplify its psychokinetic power. When the Pokémon uses its power, the air around it becomes distorted, creating mirages of nonexistent scenery.SapphireKirlia
18%
It wields the most compelling hypnotic powers of any Pokémon, and it forces others to do whatever it wants.XMalamar
18%
It will never forgive opponents who have angered it. Even after it has beaten them down until they can't move, it never ever forgives.Ultra SunPrimeape
18%
It prefers to battle by biting apart foes' heads instantly while flying by at high speed.Black 2 & White 2Yanmega
18%
This Pokémon flashes a bright light that blinds its prey. This creates an opening for it to deliver an electrical attack.MoonLanturn
16%
They train in groups of five. Any member that can't keep up will discard its belt and leave the group.ShieldThroh
16%
This Pokémon can control 100 tons of fallen snow. It plays around innocently by leaping in and out of avalanches it has caused.ScarletChien-Pao
13%
Its short arms stretch when it throws punches. Its technique is equal to that of pro boxers.Diamond & PearlBreloom
12%
Tales are told of ships that wander into seas where *this Pokémon* live, never to return.YDragalge
9%
There's a theory that inside *this Pokémon* is a perpetual motion machine that produces limitless energy, but this belief hasn't been proven.ShieldGolurk
8%
It collects honey every day. It rubs honey onto the hairs on its legs to carry it back to its nest.GoldButterfree
7%
It could knock out a foe with a slap from one of its developed front appendages and chew it up, shell or bones and all.Black 2 & White 2Carracosta
4%
Tough scales cover the sturdy body of this Pokémon. It appears that the scales grow in cycles.YellowNidoqueen
4%

Score Distribution

Percentile by Number Answered

Percent of People with Each Score

Your Score History

You have not taken this quiz